000 00635 a2200145 4500
999 _c234868
_d234868
003 Nust
005 20170331123705.0
008 170331b xxu||||| |||| 00| 0 eng d
040 _cDLC
082 _a624.2029 JAG
100 _aJagadeesh,T.R.
245 _aDesign of Bridge Structures /
_cT.R.Jagadeesh
260 _aNew Delhi :
_cPrentice Hall of India,
_b2003
300 _a282p. :
_bill. ;
_c23cm
650 _aBridge Engineering
942 _2ddc
_cBK